Catálogo
 En Linea

Enciclopedia ilustrada Cumbre : (Registro nro. 36195)

Detalles MARC
000 -CABECERA
campo de control de longitud fija 00644nam a2200169 a 4500
001 - NÚMERO DE CONTROL
campo de control 000036704
005 - FECHA Y HORA DE LA ÚLTIMA TRANSACCIÓN
campo de control 20200930075902.0
008 - DATOS DE LONGITUD FIJA--INFORMACIÓN GENERAL
campo de control de longitud fija 120125s1995 mx abc 000 0 spa d
020 ## - NÚMERO INTERNACIONAL ESTÁNDAR DEL LIBRO
Número Internacional Estándar del Libro 9706111263
040 ## - FUENTE DE LA CATALOGACIÓN
Centro catalogador/agencia de origen DO-SdBNP
Lengua de catalogación spa
Centro/agencia transcriptor BNPHU
245 00 - MENCIÓN DE TÍTULO
Título Enciclopedia ilustrada Cumbre :
Resto del título lo esencial de los conocimientos actuales en forma clara, sustancial y amena /
Mención de responsabilidad, etc. prólogo Alberto Reyes.
260 ## - PUBLICACIÓN, DISTRIBUCIÓN, ETC.
Lugar de publicación, distribución, etc. México :
Nombre del editor, distribuidor, etc. Bachette Latinoamérica
-- Cumbre,
Fecha de publicación, distribución, etc. 1995.
300 ## - DESCRIPCIÓN FÍSICA
Extensión v. :
Otras características físicas il., mapas, retrs. ;
Dimensiones 28 cm.
500 ## - NOTA GENERAL
Nota general Textos a dos columnas
505 0# - NOTA DE CONTENIDO CON FORMATO
Información miscelánea v. 8
Título Insecticidas-lluvia artificial
Información miscelánea v. 2
Título Pascua - Reis
700 12 - PUNTO DE ACCESO ADICIONAL--NOMBRE DE PERSONA
Nombre de persona Reyes, Alberto
9 (RLIN) 62994
Existencias
Estado de retiro Estado de pérdida Restricciones de uso No para préstamo Código de colección Localización permanente Ubicación/localización actual Ubicación en estantería Fecha de adquisición Número de inventario Total de préstamos Signatura topográfica completa Código de barras Fecha visto por última vez Precio válido a partir de Tipo de ítem Koha
      Excluido de préstamo Monografías: Libros y Folletos General General En catalogación 25.01.2012 LF1   v. 2 36704-10 25.06.2020 25.06.2020 No se presta
      Excluido de préstamo Monografías: Libros y Folletos General General En catalogación 26.01.2012 LF1   v. 8 36704-20 25.06.2020 25.06.2020 No se presta

Con tecnología Koha